Регионална библиотека "Любен Каравелов" - Русе

Там буря кърши клонове (Запис номер 171505)

MARC детайли
000 -Лидер
Контролно поле с фиксирана дължина nam a22 a 4500
003 - Код на организацията, давaща контролен номер
Контролно поле BLK
005 - Дата и час на последна редакция
Контролно поле 20221011174527.0
008 - Елементи от данни с фиксирана дължина
fixed length control field 180411b bul|||||r ||||||| ||bul||
040 ## - Източник на каталожния запис
Идентификатор на билиотеката - собственик на записа BLK
041 ## - Код за език
Код за езика на текст/звукозапис или на отделно заглавие Български
Код за езика КДБФ Български
080 ## - УДК
Текстов определител УДК Българска литература
УДК код - определител по УДК 821.163.2
УДК определител -32
УДК - код + определител 821.163.2-32
080 ## - УДК
Текстов определител УДК Априлско въстание (1876). Четата на Хр. Ботев
УДК код - определител по УДК 94(497.2)"1876"
УДК определител (0:82-32)
УДК - код + определител 94(497.2)"1876"(0:82-32)
100 1# - Редна дума - Автор
Автор Осинин, Димитър
Авторска отговорност първи автор
Автор - информация (биография) Попов, Димитър Николов
R(LIN) 104981
139 ## - Редно поле
Редна дума Осинин, Димитър
Авторски знак Оси - О 80
245 10 - Сведения за заглавието
Заглавие Там буря кърши клонове
Подзаглавни данни Пътят на Ботевата чета : Докум. повест
Редно поле (дума) Димитър Осинин; Димитър Николов Попов.
250 ## - Област на изданието
Сведения за изданието 2. осн. прераб. изд.
257 ## - Страна на издаване
Страна на създаване/издаване България
260 ## - Област на издателските данни
Място на издаване, разпространение и проч. София
Име на издателя, разпространителя и проч. Партиздат
Година на издаване 1976
300 ## - Физическа характеристика
Страници 207 с.
Илюстрации и др. 4 л. : портр.
Размери/Мащаб 22 см
380 ## - Жанр
Жанр Литературознание
500 ## - Общи забележки
Забележка Истинското име на авт. е Димитър Николов Попов. - 1. изд. 1959 със загл. През тиха бяла Дунава.
653 ## - Ключова дума – ненормативна
Ключова дума Ботева чета
700 1# - Други автори (авторска отговорност)
Лично име Попов, Димитър Николов
9 (RLIN) 379602
852 ## - Местоположение
Форматна сигнатура Цб 79496
Фондова буква Хранилище
856 4# - Електронен адрес и достъп
Електронен формат pdf - файл
Инструкция (цена за достъп) 0.00
Права за достъп disable
999 ## - СИСТЕМНИ КОНТРОЛНИ НОМЕРА
Koha biblionumber 171505
Koha biblioitemnumber 171505
942 ## - АРТИКУЛИ
Вид на библиотечния материал Книги
Скрит в OPAC Не
Периодичен библиозапис Да
944 ## - СЪЗДАВАНЕ И РЕДАКЦИЯ на ЗАПИСА
Създаване/Редакция Създаване
Дата на регистрацията/редакция 13.08.2015
Служител, извършил регистрацията/редакцията Кети_Илиева
944 ## - СЪЗДАВАНЕ И РЕДАКЦИЯ на ЗАПИСА
Създаване/Редакция Редакция
Дата на регистрацията/редакция 2022-10-11
Служител, извършил регистрацията/редакцията СТ
999 ## - СИСТЕМНИ КОНТРОЛНИ НОМЕРА
Koha biblioitemnumber 171505
Наличности
Код за отписване Код за изгубен артикул Източник на класификационната схема Код за повреда Коз за рестрикции Код за отдаване Артикулен № Име на библиотеката - собственик Име на библиотеката, в която се намира в момента Статус (Текущо местоположение) Дата на вписване в системата Местоположение - отдел Цена в лева Инвентарен номер Систематично азбучна сигнатура Баркод Номер на екземпляра Цена в евро Служебна бележка Служебен тип на артикула Бележка за публиката
  Не е изгубен Universal Decimal Classification Не е повреден без рестрикции ползва се в читалня 291602 Регионална библиотека "Любен Каравелов" Русе Регионална библиотека "Любен Каравелов" Русе Хранилище 1976-01-01 Хранилище 0.79 200368 Цб 79496 120000200368 1 0.40 Вид: Сф Дата: 01.01.1976 Книги  
Изтеглен Не е изгубен Universal Decimal Classification Не е повреден без рестрикции заемане за дома 291603 Регионална библиотека "Любен Каравелов" Русе Регионална библиотека "Любен Каравелов" Русе Заемна - подръчен фонд 1976-01-01 Заемна - подръчен фонд 0.79 200665 П 886.7-32/О 80 200665 2 0.40 Вид: Сф N: стар фонд Дата: 01.01.1976 Дата инв: 13.02.2018 Бележки инв: П2018 Книги  
Изтеглен Не е изгубен   Не е повреден без рестрикции заемане за дома 291604 Регионална библиотека "Любен Каравелов" Русе Регионална библиотека "Любен Каравелов" Русе   1976-01-01 Детски отдел 0.79 200848 ДХ 886.7/О 80 200848 3 0.40 Вид: Сф N: стар фонд Дата: 01.01.1976 Дата инв: 09.09.2015 Бележки инв: Д2015 Книги Отч.N: 29/2017 , Дата: 17.08.2017
Изтеглен Не е изгубен   Не е повреден без рестрикции заемане за дома 291605 Регионална библиотека "Любен Каравелов" Русе Регионална библиотека "Любен Каравелов" Русе   1976-01-01 Детски отдел 0.79 200849 ДХ 886.7/О 80 200849 4 0.40 Вид: Сф N: стар фонд Дата: 01.01.1976 Дата инв: 09.09.2015 Бележки инв: Д2015 Книги Отч.N: 28/2017 , Дата: 16.08.2017
Изтеглен Не е изгубен   Не е повреден без рестрикции заемане за дома 291606 Регионална библиотека "Любен Каравелов" Русе Регионална библиотека "Любен Каравелов" Русе   1976-01-01 Детски отдел 0.79 200851 ДХ 886.7/О 80 200851 5 0.40 Вид: Сф N: стар фонд Дата: 01.01.1976 Дата инв: 16.10.2015 Бележки инв: Д2015 Книги Отч.N: 28/2017 , Дата: 16.08.2017
Vip Innovations Ltd, Rousse, Bulgaria 2025